| 000 | 00000nas 2200000zi 4500 |
| 001 | 9.955106 |
| 003 | CaOODSP |
| 005 | 20250911102246 |
| 006 | m o d f |
| 007 | cr ||||||||||| |
| 008 | 250910c20189999onc x m o f0###|0eng|d |
| 040 | |aCaOODSP|beng|erda|cCaOODSP |
| 043 | |an-cn--- |
| 086 | 1 |aJ3-14E-PDF |
| 130 | 0 |aResearch in brief (Canada. Department of Justice. Research and Statistics Division) |
| 245 | 10|aResearch in brief / |cResearch and Statistics Division, Department of Justice Canada. |
| 264 | 1|a[Ottawa] : |bDepartment of Justice Canada = Ministère de la justice Canada, |c[2018?]- |
| 310 | |aIrregular |
| 336 | |atext|btxt|2rdacontent |
| 337 | |acomputer|bc|2rdamedia |
| 338 | |aonline resource|bcr|2rdacarrier |
| 500 | |aIssued also in French under title: Recherche en bref. |
| 588 | |aDescription based on: No. 1 (2018). |
| 650 | 0|aCriminal justice, Administration of|zCanada|xResearch. |
| 710 | 1 |aCanada. |bDepartment of Justice. |bResearch and Statistics Division, |eissuing body. |
| 775 | 08|tRecherche en bref / |w(CaOODSP)9.955108 |